Gadzama LLP (Record no. 38210)

MARC details
000 -LEADER
fixed length control field 00386nam a2200157Ia 4500
022 ## - INTERNATIONAL STANDARD SERIAL NUMBER
ISSN 15988289
245 #0 - TITLE STATEMENT
Title Gadzama LLP
260 ## - PUBLICATION, DISTRIBUTION, ETC. (IMPRINT)
Place of publication Abuja
260 ## - PUBLICATION, DISTRIBUTION, ETC. (IMPRINT)
Name of publisher J-k Gadzama LLP printing press
260 ## - PUBLICATION, DISTRIBUTION, ETC. (IMPRINT)
Year of publication 2017
300 ## - PHYSICAL DESCRIPTION
Number of Pages 30 p. :ill. ; 28 cm.
650 ## - SUBJECT ADDED ENTRY--TOPICAL TERM
Topical Term Corruption and nation’s economy
942 ## - ADDED ENTRY ELEMENTS (KOHA)
Koha item type Serials

No items available.